[Event "CZE-chT rap"]
[Site "Pardubice"]
[Date "2015.07.16"]
[Round "1.3"]
[White "Postupa, Martin"]
[Black "Studnicka, Tomas"]
[Result "0-1"]
[WhiteElo "2159"]
[BlackElo "2381"]
[PlyCount "72"]
[EventDate "2015.07.16"]
[EventType "team-swiss"]
[EventRounds "7"]
[EventCountry "CZE"]
[SourceTitle "CBM 167 Extra"]
[Source "ChessBase"]
[SourceDate "2015.09.14"]
[SourceVersion "1"]
[SourceVersionDate "2015.09.14"]
[SourceQuality "1"]

1. e4 c5 2. Nc3 Nc6 3. g3 d6 4. Bg2 g6 5. d3 Bg7 6. Be3 Nf6 7. h3 Qb6 8. Rb1 0-0 9. Qd2 e5 10. Nge2 Nd4 11. f4 Be6 12. 0-0 Nh5 13. Kh2 Nxe2 14. Qxe2 exf4 15. gxf4 f5 16. e5 dxe5 17. b4 Rfe8 18. Bxc5 Qc7 19. Nb5 Qd7 20. Nd6 Nxf4 21. Rxf4 exf4 22. Nxe8 Rxe8 23. Qd2 b6 24. Bf2 Qc7 25. Bf3 Bxa2 26. Re1 Re3 27. c4 Rxf3 28. Qxa2 Rxd3 29. Re8+ Kf7 30. Ra8 f3+ 31. Bg3 Be5 32. c5+ Ke7 33. Re8+ Kxe8 34. Qe6+ Qe7 35. Qg8+ Kd7 36. c6+ Kc7 0-1

[Event "Prague Golden rap op 11th"]
[Site "Prague"]
[Date "2015.06.27"]
[Round "6"]
[White "Pulpan, Jakub"]
[Black "Postupa, Martin"]
[Result "1-0"]
[WhiteElo "2263"]
[BlackElo "2058"]
[PlyCount "53"]
[EventDate "2015.06.27"]
[EventType "swiss (rapid)"]
[EventRounds "7"]
[EventCountry "CZE"]
[SourceTitle "EXT 2017"]
[Source "ChessBase"]
[SourceDate "2016.10.25"]
[SourceVersion "1"]
[SourceVersionDate "2016.10.25"]
[SourceQuality "1"]

1. d4 d5 2. c4 e6 3. Nf3 Nf6 4. g3 Nbd7 5. Bg2 Bb4+ 6. Bd2 Be7 7. 0-0 0-0 8. Qc2 c6 9. Rc1 b6 10. Ne5 Nxe5 11. dxe5 Nd7 12. cxd5 cxd5 13. Bf4 g5 14. Bd2 Nxe5 15. Bc3 Ng6 16. e4 d4 17. e5 Rb8 18. Rd1 Bc5 19. b4 Be7 20. Bxd4 Bb7 21. Bxb7 Rxb7 22. Nc3 Qc7 23. Rac1 Bxb4 24. Qe4 Ba3 25. Nb5 Qxc1 26. Rxc1 Bxc1 27. Qxb7 1-0

[Event "CZE-chT2C 1415"]
[Site "Czech Republic"]
[Date "2015.04.19"]
[Round "11.8"]
[White "Danhel, Lukas"]
[Black "Postupa, Martin"]
[Result "0-1"]
[WhiteElo "1692"]
[BlackElo "2060"]
[PlyCount "84"]
[EventDate "2014.11.02"]
[EventType "team-tourn"]
[EventRounds "11"]
[EventCountry "CZE"]
[SourceTitle "EXT 2022"]
[Source "ChessBase"]
[SourceDate "2021.10.06"]
[SourceVersion "1"]
[SourceVersionDate "2021.10.06"]
[SourceQuality "1"]
[WhiteTeam "Praha Bohemians II"]
[BlackTeam "Praha Grop"]
[WhiteTeamCountry "CZE"]
[BlackTeamCountry "CZE"]

1. e4 e5 2. Nf3 Nc6 3. d4 exd4 4. Nxd4 Bc5 5. Be3 Qf6 6. c3 a6 7. a4 Nge7 8. Bc4 Qg6 9. 0-0 Ne5 10. Be2 d5 11. Bh5 Qxe4 12. Nd2 Qh4 13. N4f3 Qxh5 14. Bxc5 N5c6 15. Re1 Be6 16. Nb3 Nf5 17. Qxd5 Rd8 18. Rxe6+ fxe6 19. Qxe6+ Nfe7 20. Nfd4 Qf7 21. Re1 Qxe6 22. Nxe6 Rd7 23. Nxg7+ Kf7 24. Ne6 b6 25. Ng5+ Kg6 26. Be3 Nf5 27. Bf4 Re8 28. Kf1 Rxe1+ 29. Kxe1 Re7+ 30. Kd2 Ne5 31. Bxe5 Kxg5 32. f4+ Kg4 33. Ke2 Nh4 34. Kf2 Ng6 35. h3+ Kf5 36. Nd4+ Ke4 37. b3 Nxe5 38. fxe5 Rxe5 39. g4 Kd3 40. Kf3 Re3+ 41. Kg2 c5 42. Nf5 Re2+ 0-1

[Event "Rakovnik Regional-chT 1415"]
[Site "Rakovnik"]
[Date "2015.02.01"]
[Round "7.2"]
[White "Hlavacek, Jiri"]
[Black "Postupa, Martin"]
[Result "1-0"]
[WhiteElo "2169"]
[BlackElo "2060"]
[PlyCount "109"]
[EventDate "2014.10.19"]
[EventType "team-tourn"]
[EventRounds "11"]
[EventCountry "CZE"]
[SourceTitle "EXT 2016"]
[Source "ChessBase"]
[SourceDate "2015.10.08"]
[SourceVersion "1"]
[SourceVersionDate "2015.10.08"]
[SourceQuality "1"]
[WhiteTeam "Pribram Pyrit"]
[BlackTeam "Dobrovice"]
[WhiteTeamCountry "CZE"]
[BlackTeamCountry "CZE"]

1. e4 e5 2. d4 exd4 3. Nf3 Nc6 4. c3 dxc3 5. Nxc3 Nf6 6. Bc4 d6 7. Ng5 Ne5 8. Bb5+ c6 9. f4 Neg4 10. Bc4 Nh6 11. e5 Qe7 12. 0-0 dxe5 13. Qb3 e4 14. Be3 b5 15. Nxb5 Rb8 16. Rfd1 a6 17. a4 cxb5 18. axb5 Qb7 19. bxa6 Qxb3 20. Bxb3 Be7 21. a7 Ra8 22. Ba4+ Bd7 23. Rxd7 Nxd7 24. Rd1 0-0 25. Rxd7 Bxg5 26. fxg5 Ng4 27. Bc6 Rac8 28. Bb7 Rce8 29. Bc5 e3 30. Kf1 Ne5 31. Re7 Nd3 32. Rxe8 Rxe8 33. Bxe3 Nxb2 34. a8Q Rxa8 35. Bxa8 Nc4 36. Bf4 Nb6 37. Bc6 Nc8 38. Be3 Nd6 39. Bd5 g6 40. Bc5 Nf5 41. g4 Ng7 42. Kf2 Ne8 43. Kf3 Nc7 44. Bc4 Ne8 45. Ke4 Kg7 46. Bd4+ Kf8 47. Ke5 Kg8 48. Kd5 Kf8 49. Kc6 Ng7 50. Kd7 Kg8 51. Ke7 h5 52. gxh6 Kh7 53. Bxg7 g5 54. Kf8 f5 55. Bd3 1-0

[Event "Rakovnik Regional-chT 1415"]
[Site "Rakovnik"]
[Date "2015.01.18"]
[Round "6.2"]
[White "Postupa, Martin"]
[Black "Pychova, Nela"]
[Result "1-0"]
[WhiteElo "2060"]
[BlackElo "1932"]
[PlyCount "59"]
[EventDate "2014.10.19"]
[EventType "team-tourn"]
[EventRounds "11"]
[EventCountry "CZE"]
[SourceTitle "EXT 2016"]
[Source "ChessBase"]
[SourceDate "2015.10.08"]
[SourceVersion "1"]
[SourceVersionDate "2015.10.08"]
[SourceQuality "1"]
[WhiteTeam "Dobrovice"]
[BlackTeam "Vlasim II"]
[WhiteTeamCountry "CZE"]
[BlackTeamCountry "CZE"]

1. e4 c5 2. Nc3 Nc6 3. g3 g6 4. Bg2 Bg7 5. d3 e6 6. Be3 d6 7. Nge2 Nd4 8. 0-0 Ne7 9. Qd2 0-0 10. Rae1 Rb8 11. Nd1 b6 12. c3 Nxe2+ 13. Rxe2 Ba6 14. c4 Qd7 15. Bh6 d5 16. exd5 exd5 17. Bxg7 Kxg7 18. Rfe1 Nf5 19. cxd5 Bb7 20. Nc3 b5 21. Bh3 b4 22. Re7 Qd8 23. Bxf5 bxc3 24. Qxc3+ Kg8 25. Rd7 Qb6 26. Be6 Qb4 27. Qe5 Ra8 28. a3 Qb6 29. Qf6 Bxd5 30. Rxf7 1-0

[Event "Prague op-A 14th"]
[Site "Prague"]
[Date "2015.01.16"]
[Round "9"]
[White "Cuhra, Martin"]
[Black "Postupa, Martin"]
[Result "1-0"]
[WhiteElo "2247"]
[BlackElo "2060"]
[PlyCount "87"]
[EventDate "2015.01.09"]
[EventType "swiss"]
[EventRounds "9"]
[EventCountry "CZE"]
[SourceTitle "CBM 164 Extra"]
[Source "ChessBase"]
[SourceDate "2015.03.02"]
[SourceVersion "1"]
[SourceVersionDate "2015.03.02"]
[SourceQuality "1"]

1. e4 e5 2. Nf3 Nc6 3. d4 exd4 4. Bc4 d6 5. 0-0 Bg4 6. c3 Bxf3 7. gxf3 Qf6 8. Bb5 dxc3 9. Nxc3 a6 10. Nd5 Qd8 11. Ba4 Qd7 12. Bg5 b5 13. Bb3 Be7 14. Nxe7 Ngxe7 15. Rc1 0-0 16. f4 Na5 17. Bc2 h6 18. Bh4 Ng6 19. Bg3 Qe7 20. f5 Ne5 21. b3 Rae8 22. f4 Nd7 23. Kh1 c5 24. Qf3 f6 25. Rg1 Nc6 26. Bb1 Nd4 27. Qg2 Qf7 28. Be1 d5 29. Bc3 Re7 30. b4 dxe4 31. Bxd4 cxd4 32. Bxe4 Kh7 33. Bd5 Qh5 34. Be6 Nb6 35. Rcd1 Rd8 36. Rd3 Nc4 37. Rg3 g5 38. Rh3 Qxh3 39. Qxh3 d3 40. fxg5 fxg5 41. f6 Rc7 42. Bf5+ Kg8 43. Qxh6 d2 44. Be6+ 1-0

[Event "Prague op-A 14th"]
[Site "Prague"]
[Date "2015.01.14"]
[Round "7"]
[White "Jirka, Jiri"]
[Black "Postupa, Martin"]
[Result "1-0"]
[WhiteElo "2429"]
[BlackElo "2060"]
[PlyCount "101"]
[EventDate "2015.01.09"]
[EventType "swiss"]
[EventRounds "9"]
[EventCountry "CZE"]
[SourceTitle "CBM 164 Extra"]
[Source "ChessBase"]
[SourceDate "2015.03.02"]
[SourceVersion "1"]
[SourceVersionDate "2015.03.02"]
[SourceQuality "1"]

1. d4 d5 2. Nf3 Nf6 3. g3 e6 4. Bg2 Be7 5. c4 0-0 6. 0-0 c6 7. Qc2 b6 8. b3 Bb7 9. Nc3 Nbd7 10. Rd1 Rc8 11. e4 Nxe4 12. Nxe4 dxe4 13. Qxe4 Nf6 14. Qc2 Qc7 15. Bf4 Bd6 16. Bxd6 Qxd6 17. c5 Qc7 18. Rac1 Rfd8 19. Ne5 Nd5 20. Nc4 Nb4 21. Qb1 bxc5 22. dxc5 Rxd1+ 23. Rxd1 Rd8 24. Nd6 Ba6 25. a3 Nd5 26. Qb2 Qa5 27. b4 Rb8 28. Bxd5 exd5 29. Re1 Qd8 30. Nf5 Qf8 31. Ne7+ Kh8 32. Nxc6 Re8 33. Qd2 h6 34. Nd4 Bc8 35. h4 Kh7 36. Re3 f5 37. Qe1 Re4 38. Rxe4 fxe4 39. Qe3 Bg4 40. Qf4 Qc8 41. c6 a6 42. a4 h5 43. Qd6 Qg8 44. c7 Qa8 45. Ne6 Qg8 46. Ng5+ Kh8 47. b5 axb5 48. axb5 g6 49. b6 Qc8 50. Qf6+ Kg8 51. Qf7+ 1-0

[Event "Ricany op-A"]
[Site "Ricany"]
[Date "2014.08.27"]
[Round "6"]
[White "Postupa, Martin"]
[Black "Fuskova, Martina"]
[Result "1-0"]
[WhiteElo "2085"]
[BlackElo "1948"]
[PlyCount "77"]
[EventDate "2014.08.23"]
[EventType "swiss"]
[EventRounds "9"]
[EventCountry "CZE"]
[SourceTitle "EXT 2015"]
[Source "ChessBase"]
[SourceDate "2014.11.20"]
[SourceVersion "1"]
[SourceVersionDate "2014.11.20"]
[SourceQuality "1"]

1. e4 c5 2. Nc3 e6 3. g3 Nc6 4. Bg2 d6 5. Nge2 Nf6 6. h3 a6 7. d4 cxd4 8. Nxd4 Bd7 9. 0-0 Be7 10. Be3 Qc7 11. Qd2 Ne5 12. b3 Rc8 13. Nce2 0-0 14. f4 Nc6 15. c4 Rfd8 16. g4 Nxd4 17. Bxd4 Bc6 18. Qe3 Nd7 19. Qf2 Nc5 20. Ng3 Bh4 21. Kh2 Qd7 22. Qe3 Bxg3+ 23. Kxg3 Qe7 24. Rad1 b5 25. cxb5 Bxb5 26. Rf2 Rd7 27. Rfd2 Nb7 28. Bb2 Rdc7 29. a4 Be8 30. Bf1 Rc6 31. b4 Qc7 32. b5 axb5 33. axb5 Rc5 34. Bd4 Rc2 35. b6 Qe7 36. Ba6 f6 37. Qb3 Rxd2 38. Rxd2 Bf7 39. Rc2 1-0